Law and criminality P Quiz Stats

 Plays Quiz not verified by Sporcle

Challenge
Share
Tweet
Score 0/15 Timer 02:00
0 Plays Today
% Correct
Crime that can result in a death penalty are as known as...
90.3%
Which Country in South East Asia that does not execute woman?
90.3%
Something made of wood and the judge used
87.1%
Law between country
77.4%
Who is somebody that in court will be the attorney who wants to prove charges against the accused?
74.2%
Law that define the rights and obligations between employer and employee
74.2%
The body of law that relates crime
71%
Who is a licensed professional entitled to draw up wills?
67.7%
% Correct
Law about the personality of property debt, family law and inheritance
64.5%
What is a regulation that control the behavior of a human society?
58.1%
What is the punishment of crime?
54.8%
What is a court system which serves to interpret and apply the law on behalf of the state?
54.8%
Sign of Law
48.4%
Law of Peace is a branch of what law?
48.4%
Researching of legal issues is responsibility of...
45.2%

You're not logged in!

Compare scores with friends on all Sporcle quizzes.
OR
Log In

You Might Also Like...

Show Comments

Extras

Created Mar 21, 2014ReportNominate
Tags:crime, criminal, global, law, perspective

Top Quizzes Today


Score Distribution

Your Account Isn't Verified!

In order to create a playlist on Sporcle, you need to verify the email address you used during registration. Go to your Sporcle Settings to finish the process.

Report this User

Report this user for behavior that violates our Community Guidelines.

Details: